| 000 | 00729nam a2200229 i 4500 | ||
|---|---|---|---|
| 001 | bg | ||
| 100 | 1 | _aMICHAŁOWSKI, Kazimierz | |
| 245 | 1 | 0 |
_aZarządzanie turystyką / _cKazimierz Michałowski, Romuald Ziółkowski. |
| 260 |
_aBiałystok : _bWydaw. PB, _c2002. |
||
| 300 |
_a183 s. ; _c24 cm. |
||
| 490 | 1 |
_aRozprawy Naukowe / Politechnika Białostocka, _x0867-096X ; _vnr 97 |
|
| 504 | _aBibliogr. | ||
| 650 | 9 |
_aTurystyka _xzarządzanie |
|
| 655 | _aPodręczniki akademickie | ||
| 700 | 1 | _aZIÓŁKOWSKI, Romuald | |
| 830 | 0 |
_aRozprawy Naukowe (Politechnika Białostocka) ; _vnr 97 |
|
| 040 | _cBPK | ||
| 041 | 0 | _apol | |
| 080 | _a338.48:65.012.4](075.8) | ||
| 942 | _cKS | ||
| 008 | s pl f |000 0 pol | ||
| 999 |
_c43095 _d43095 |
||
| 856 |
_uhttp://koha.tu.koszalin.pl/cgi-bin/koha/opac-detail.pl?biblionumber=43095 _yKatalog online BPK |
||